[Event "DEM U10w 2021"]
[Site "Willingen GER"]
[Date "2021.08.27"]
[Round "8"]
[White "Rafikova, Ailin"]
[Black "Peglau, Lorena"]
[Result "1/2-1/2"]
[Termination "normal"]
[Board "5"]
[WhiteElo "1375"]
[BlackElo "1005"]
[WhiteClock "00:32:28"]
[BlackClock "00:52:04"]
[PlyCount "62"]
[WhiteFideId "34612173"]
[BlackFideId "16290542"]
[EventCountry "GER"]
[EventRounds "11"]
[EventType "swiss"]
[EventDate "2021.08.22"]

1. e4 {[%clk 01:15:51]} {[%emt 00:00:09]} b6 {[%clk 01:15:53]} {[%emt
00:00:08]} 2. d4 {[%clk 01:16:09]} {[%emt 00:00:12]} Bb7 {[%clk 01:16:17]}
{[%emt 00:00:06]} 3. Nc3 {[%clk 01:16:22]} {[%emt 00:00:17]} e6 {[%clk
01:16:20]} {[%emt 00:00:26]} 4. Nf3 {[%clk 01:15:52]} {[%emt 00:01:01]} Bb4
{[%clk 01:16:26]} {[%emt 00:00:24]} 5. Bd3 {[%clk 01:15:06]} {[%emt 00:01:15]}
d5 {[%clk 01:16:26]} {[%emt 00:00:31]} 6. exd5 {[%clk 01:12:22]} {[%emt
00:03:14]} Bxd5 {[%clk 01:16:33]} {[%emt 00:00:22]} 7. Be2 {[%clk 01:11:25]}
{[%emt 00:01:27]} Bb7 {[%clk 01:16:17]} {[%emt 00:00:46]} 8. O-O {[%clk
01:10:38]} {[%emt 00:01:17]} Bxc3 {[%emt 00:01:46]} 9. bxc3 {[%emt 00:00:04]}
Nf6 {[%clk 01:15:12]} {[%emt 00:00:50]} 10. Bg5 {[%clk 01:09:43]} {[%emt
00:01:21]} Nbd7 {[%clk 01:14:41]} {[%emt 00:01:00]} 11. Rb1 {[%clk 01:08:48]}
{[%emt 00:01:26]} O-O {[%clk 01:14:23]} {[%emt 00:00:48]} 12. Ne5 {[%clk
01:07:37]} {[%emt 00:01:40]} Nxe5 {[%clk 01:12:33]} {[%emt 00:02:20]} 13. dxe5
{[%clk 01:07:12]} {[%emt 00:00:54]} Qxd1 {[%clk 01:12:52]} {[%emt 00:00:12]}
14. Rfxd1 {[%clk 01:06:57]} {[%emt 00:00:45]} Ne8 {[%clk 01:11:42]} {[%emt
00:01:40]} 15. a4 {[%clk 01:03:46]} {[%emt 00:03:42]} Kh8 {[%clk 01:10:32]}
{[%emt 00:01:40]} 16. a5 {[%clk 01:01:59]} {[%emt 00:02:17]} Bc6 {[%clk
01:09:32]} {[%emt 00:01:29]} 17. Rd8 {[%clk 00:59:40]} {[%emt 00:02:49]} Rxd8
{[%clk 01:09:17]} {[%emt 00:00:45]} 18. Bxd8 {[%clk 00:59:45]} {[%emt
00:00:25]} f6 {[%clk 01:08:39]} {[%emt 00:01:09]} 19. exf6 {[%clk 00:57:50]}
{[%emt 00:02:24]} gxf6 {[%clk 01:08:43]} {[%emt 00:00:27]} 20. Bh5 {[%clk
00:55:18]} {[%emt 00:03:01]} Ng7 {[%clk 01:06:10]} {[%emt 00:03:03]} 21. Bxc7
{[%clk 00:50:52]} {[%emt 00:04:56]} Nxh5 {[%clk 01:05:11]} {[%emt 00:01:30]}
22. axb6 {[%clk 00:50:01]} {[%emt 00:01:20]} axb6 {[%clk 01:05:02]} {[%emt
00:00:40]} 23. Rxb6 {[%clk 00:48:14]} {[%emt 00:02:16]} Ra8 {[%clk 01:04:51]}
{[%emt 00:00:40]} 24. h4 {[%clk 00:46:56]} {[%emt 00:01:46]} Bd7 {[%clk
01:04:57]} {[%emt 00:00:25]} 25. Rd6 {[%clk 00:43:58]} {[%emt 00:03:30]} Ba4
{[%clk 01:04:49]} {[%emt 00:00:38]} 26. Rxe6 {[%clk 00:41:59]} {[%emt
00:02:29]} Bxc2 {[%clk 01:01:38]} {[%emt 00:03:42]} 27. g4 {[%clk 00:39:51]}
{[%emt 00:02:37]} Rc8 {[%clk 01:00:44]} {[%emt 00:01:25]} 28. Ba5 {[%clk
00:38:07]} {[%emt 00:02:13]} Ra8 {[%clk 00:56:43]} {[%emt 00:04:30]} 29. Bb4
{[%clk 00:34:19]} {[%emt 00:04:18]} Ra1+ {[%clk 00:56:44]} {[%emt 00:00:30]}
30. Kh2 {[%clk 00:33:19]} {[%emt 00:01:31]} Ng7 {[%clk 00:55:24]} {[%emt
00:01:49]} 31. Rxf6 {[%clk 00:32:28]} {[%emt 00:01:19]} Ra8 {[%clk 00:52:04]}
{[%emt 00:03:52]} 1/2-1/2

[Event "DEM U10w 2021"]
[Site "Willingen GER"]
[Date "2021.08.27"]
[Round "8"]
[White "Kovalskyy, Alicia"]
[Black "Baihaghi, Aryana"]
[Result "1-0"]
[Termination "normal"]
[Board "6"]
[WhiteElo "1078"]
[BlackElo "1265"]
[WhiteClock "00:21:19"]
[BlackClock "00:06:45"]
[PlyCount "159"]
[WhiteFideId "34612130"]
[BlackFideId "34604960"]
[EventCountry "GER"]
[EventRounds "11"]
[EventType "swiss"]
[EventDate "2021.08.22"]

1. e4 {[%clk 01:15:59]} e5 {[%clk 01:15:56]} {[%emt 00:00:04]} 2. Nf3 {[%clk
01:16:25]} {[%emt 00:00:04]} Nc6 {[%clk 01:16:15]} {[%emt 00:00:11]} 3. Bc4
{[%clk 01:16:51]} {[%emt 00:00:03]} Nf6 {[%clk 01:16:36]} {[%emt 00:00:10]} 4.
Ng5 {[%clk 01:17:15]} {[%emt 00:00:06]} d5 {[%clk 01:16:56]} {[%emt 00:00:09]}
5. exd5 {[%clk 01:17:41]} {[%emt 00:00:05]} b5 {[%clk 01:17:16]} {[%emt
00:00:10]} 6. Bxb5 {[%clk 01:16:40]} {[%emt 00:01:30]} Qxd5 {[%clk 01:17:32]}
{[%emt 00:00:14]} 7. Bxc6+ {[%clk 01:16:52]} {[%emt 00:00:19]} Qxc6 {[%clk
01:17:48]} {[%emt 00:00:14]} 8. Qf3 {[%clk 01:17:14]} {[%emt 00:00:07]} Qxf3
{[%clk 01:16:24]} {[%emt 00:01:54]} 9. Nxf3 {[%clk 01:17:36]} {[%emt 00:00:08]}
Bd6 {[%clk 01:16:04]} {[%emt 00:00:51]} 10. d3 {[%clk 01:17:01]} {[%emt
00:01:05]} O-O {[%clk 01:15:32]} {[%emt 00:01:01]} 11. O-O {[%clk 01:17:23]}
{[%emt 00:00:08]} Re8 {[%clk 01:15:01]} {[%emt 00:01:01]} 12. Nc3 {[%clk
01:17:10]} {[%emt 00:00:43]} h6 {[%clk 01:15:10]} {[%emt 00:00:21]} 13. Be3
{[%clk 01:15:57]} {[%emt 00:01:42]} a6 {[%clk 01:14:09]} {[%emt 00:01:33]} 14.
Rfe1 {[%clk 01:15:02]} {[%emt 00:01:23]} Bb7 {[%clk 01:14:15]} {[%emt
00:00:26]} 15. Nd2 {[%clk 01:14:35]} {[%emt 00:00:56]} Re6 {[%clk 01:12:35]}
{[%emt 00:02:11]} 16. Nde4 {[%clk 01:12:23]} {[%emt 00:02:42]} Be7 {[%clk
01:11:23]} {[%emt 00:01:42]} 17. Nc5 {[%clk 01:11:11]} {[%emt 00:01:25]} Bxc5
{[%clk 01:11:00]} {[%emt 00:01:10]} 18. Bxc5 {[%clk 01:11:31]} {[%emt
00:00:10]} Nh5 {[%clk 01:09:44]} {[%emt 00:01:45]} 19. Re3 {[%clk 01:02:46]}
{[%emt 00:09:05]} Nf4 {[%clk 01:03:57]} {[%emt 00:06:27]} 20. f3 {[%clk
01:01:12]} {[%emt 00:01:49]} Rae8 {[%clk 01:02:35]} {[%emt 00:02:07]} 21. Rae1
{[%clk 00:57:54]} {[%emt 00:03:22]} f6 {[%clk 00:59:58]} {[%emt 00:03:34]} 22.
Ne4 {[%clk 00:54:35]} {[%emt 00:03:47]} Rc6 {[%clk 00:57:02]} {[%emt 00:03:27]}
23. d4 {[%clk 00:53:19]} {[%emt 00:01:46]} Nd5 {[%clk 00:53:41]} {[%emt
00:03:53]} 24. R3e2 {[%clk 00:52:05]} {[%emt 00:01:37]} Kh8 {[%clk 00:50:59]}
{[%emt 00:03:18]} 25. Ng3 {[%clk 00:49:56]} {[%emt 00:02:39]} g5 {[%clk
00:44:53]} {[%emt 00:06:36]} 26. Ba3 {[%clk 00:47:34]} {[%emt 00:02:53]} Nf4
{[%clk 00:43:49]} {[%emt 00:01:33]} 27. Rd2 {[%clk 00:46:02]} {[%emt 00:06:40]}
Rce6 {[%clk 00:40:40]} {[%emt 00:03:40]} 28. dxe5 {[%clk 00:44:40]} {[%emt
00:01:53]} Ng6 {[%clk 00:34:12]} {[%emt 00:06:58]} 29. Rde2 {[%clk 00:40:22]}
{[%emt 00:04:47]} Nxe5 {[%clk 00:33:23]} {[%emt 00:01:20]} 30. Kf2 {[%clk
00:39:15]} {[%emt 00:01:35]} a5 {[%clk 00:26:19]} {[%emt 00:07:36]} 31. b3
{[%clk 00:35:57]} {[%emt 00:03:47]} Ba6 {[%clk 00:25:54]} {[%emt 00:00:55]} 32.
Re4 {[%clk 00:34:36]} {[%emt 00:01:49]} Rc6 {[%clk 00:21:19]} {[%emt 00:05:07]}
33. Rc1 {[%clk 00:31:53]} {[%emt 00:03:13]} Nd3+ {[%clk 00:21:12]} {[%emt
00:00:37]} 34. cxd3 {[%clk 00:32:04]} {[%emt 00:00:19]} Rce6 {[%clk 00:15:12]}
{[%emt 00:06:31]} 35. Rxc7 {[%clk 00:31:02]} {[%emt 00:01:32]} Bxd3 {[%clk
00:13:24]} {[%emt 00:02:17]} 36. Rxe6 {[%clk 00:31:06]} {[%emt 00:00:26]} Rxe6
{[%clk 00:13:50]} {[%emt 00:00:05]} 37. Bb2 {[%clk 00:29:27]} {[%emt 00:02:08]}
h5 {[%clk 00:11:50]} {[%emt 00:02:30]} 38. Rc3 {[%clk 00:26:11]} {[%emt
00:03:46]} Rd6 {[%clk 00:11:25]} {[%emt 00:00:55]} 39. Ba3 {[%clk 00:24:27]}
{[%emt 00:02:14]} Rd8 {[%clk 00:11:10]} {[%emt 00:00:45]} 40. Be7 {[%clk
00:24:33]} {[%emt 00:00:24]} Rd7 {[%clk 00:11:10]} {[%emt 00:00:30]} 41. Bxf6+
{[%clk 00:24:42]} {[%emt 00:00:21]} Kh7 {[%clk 00:11:25]} {[%emt 00:00:15]} 42.
Bxg5 {[%clk 00:23:54]} {[%emt 00:01:18]} Rd5 {[%clk 00:11:07]} {[%emt
00:00:49]} 43. a4 {[%clk 00:23:24]} {[%emt 00:00:59]} Kg6 {[%clk 00:07:57]}
{[%emt 00:03:40]} 44. h4 {[%clk 00:23:02]} {[%emt 00:00:51]} Rd4 {[%clk
00:07:24]} {[%emt 00:01:04]} 45. Rc6+ {[%clk 00:22:20]} {[%emt 00:01:11]} Kh7
{[%clk 00:06:35]} {[%emt 00:01:19]} 46. Rh6+ {[%clk 00:21:48]} {[%emt
00:01:01]} Kg7 {[%clk 00:06:54]} {[%emt 00:00:12]} 47. Nxh5+ {[%clk 00:22:07]}
{[%emt 00:00:11]} Kg8 {[%clk 00:06:19]} {[%emt 00:01:06]} 48. Nf6+ {[%clk
00:21:07]} {[%emt 00:01:30]} Kf7 {[%clk 00:06:30]} {[%emt 00:00:19]} 49. Be3
{[%clk 00:20:48]} {[%emt 00:00:49]} Rd6 {[%clk 00:06:05]} {[%emt 00:00:54]} 50.
Ne4 {[%clk 00:20:55]} {[%emt 00:00:24]} Rxh6 {[%clk 00:05:11]} {[%emt
00:01:24]} 51. Bxh6 {[%clk 00:21:13]} {[%emt 00:00:12]} Bc2 {[%clk 00:04:56]}
{[%emt 00:00:45]} 52. Nd2 {[%clk 00:20:55]} {[%emt 00:00:48]} Ke6 {[%clk
00:04:31]} {[%emt 00:00:56]} 53. g4 {[%clk 00:21:15]} {[%emt 00:00:09]} Kd5
{[%clk 00:04:45]} {[%emt 00:00:16]} 54. Be3 {[%clk 00:21:20]} {[%emt 00:00:24]}
Ke6 {[%clk 00:04:38]} {[%emt 00:00:38]} 55. f4 {[%clk 00:21:27]} {[%emt
00:00:22]} Kf6 {[%clk 00:04:22]} {[%emt 00:00:47]} 56. h5 {[%clk 00:21:36]}
{[%emt 00:00:21]} Kg7 {[%clk 00:04:38]} {[%emt 00:00:13]} 57. g5 {[%clk
00:21:49]} {[%emt 00:00:18]} Kh7 {[%clk 00:04:43]} {[%emt 00:00:26]} 58. Kg3
{[%clk 00:21:42]} {[%emt 00:00:36]} Kg7 {[%clk 00:04:56]} {[%emt 00:00:17]} 59.
Kg4 {[%clk 00:21:50]} {[%emt 00:00:22]} Kh7 {[%clk 00:05:11]} {[%emt 00:00:15]}
60. h6 {[%clk 00:21:57]} {[%emt 00:00:23]} Kg6 {[%clk 00:05:22]} {[%emt
00:00:19]} 61. Kh4 {[%clk 00:21:55]} {[%emt 00:00:32]} Kh7 {[%clk 00:04:38]}
{[%emt 00:01:14]} 62. Kg4 {[%clk 00:21:57]} {[%emt 00:00:28]} Kg6 {[%clk
00:04:51]} {[%emt 00:00:17]} 63. Bb6 {[%clk 00:22:19]} {[%emt 00:00:08]} Bf5+
{[%clk 00:04:48]} {[%emt 00:00:34]} 64. Kf3 {[%clk 00:22:31]} {[%emt 00:00:17]}
Kh5 {[%clk 00:04:36]} {[%emt 00:00:42]} 65. Bxa5 {[%clk 00:22:55]} {[%emt
00:00:07]} Bg4+ {[%clk 00:05:00]} {[%emt 00:00:05]} 66. Ke3 {[%clk 00:23:22]}
{[%emt 00:00:02]} Bf5 {[%clk 00:05:10]} {[%emt 00:00:21]} 67. Bc3 {[%clk
00:23:27]} {[%emt 00:00:25]} Kg6 {[%clk 00:05:27]} {[%emt 00:00:13]} 68. b4
{[%clk 00:23:46]} {[%emt 00:00:12]} Kf7 {[%clk 00:05:47]} {[%emt 00:00:09]} 69.
Ne4 {[%clk 00:23:36]} {[%emt 00:00:39]} Ke6 {[%clk 00:05:41]} {[%emt 00:00:37]}
70. Nf6 {[%clk 00:23:54]} {[%emt 00:00:12]} Kf7 {[%clk 00:05:07]} {[%emt
00:01:04]} 71. a5 {[%clk 00:24:10]} {[%emt 00:00:14]} Bh3 {[%clk 00:05:14]}
{[%emt 00:00:22]} 72. h7 {[%clk 00:24:22]} {[%emt 00:00:19]} Kg7 {[%clk
00:05:34]} {[%emt 00:00:11]} 73. b5 {[%clk 00:24:29]} {[%emt 00:00:22]} Bg2
{[%clk 00:05:34]} {[%emt 00:00:30]} 74. a6 {[%clk 00:24:36]} {[%emt 00:00:23]}
Bf1 {[%clk 00:05:44]} {[%emt 00:00:20]} 75. a7 {[%clk 00:24:59]} {[%emt
00:00:07]} Bg2 {[%clk 00:05:58]} {[%emt 00:00:16]} 76. Ne4+ {[%clk 00:25:11]}
{[%emt 00:00:18]} Kxh7 {[%clk 00:06:17]} {[%emt 00:00:12]} 77. a8=Q {[%clk
00:25:32]} {[%emt 00:00:09]} Bxe4 {[%clk 00:06:25]} {[%emt 00:00:20]} 78. Qxe4+
{[%clk 00:25:47]} {[%emt 00:00:14]} Kg8 {[%clk 00:06:50]} {[%emt 00:00:07]} 79.
Qe8+ {[%clk 00:25:40]} {[%emt 00:00:37]} Kh7 {[%clk 00:06:45]} {[%emt
00:00:35]} 80. Qf7# {[%clk 00:21:19]} {[%emt 00:00:11]} 1-0

[Event "DEM U10w 2021"]
[Site "Willingen GER"]
[Date "2021.08.27"]
[Round "8"]
[White "Fruth, Julia"]
[Black "Leicher, Anna"]
[Result "0-1"]
[Termination "normal"]
[Board "7"]
[WhiteElo "1007"]
[BlackElo "1249"]
[WhiteClock "00:09:18"]
[BlackClock "00:22:55"]
[PlyCount "114"]
[WhiteFideId "34603050"]
[BlackFideId "34614966"]
[EventCountry "GER"]
[EventRounds "11"]
[EventType "swiss"]
[EventDate "2021.08.22"]

1. e4 {[%clk 01:15:57]} {[%emt 00:00:02]} e5 {[%clk 01:15:53]} {[%emt
00:00:08]} 2. Nf3 {[%clk 01:16:20]} {[%emt 00:00:07]} Nc6 {[%clk 01:15:29]}
{[%emt 00:00:54]} 3. Nc3 {[%clk 01:16:43]} {[%emt 00:00:06]} Nf6 {[%clk
01:15:51]} {[%emt 00:00:08]} 4. d4 {[%clk 01:17:01]} {[%emt 00:00:12]} exd4
{[%clk 01:13:50]} {[%emt 00:02:31]} 5. Nd5 {[%clk 01:16:15]} {[%emt 00:01:16]}
Nxe4 {[%clk 01:11:07]} {[%emt 00:03:12]} 6. Bd3 {[%clk 01:16:34]} {[%emt
00:00:13]} Nf6 {[%clk 01:10:03]} {[%emt 00:01:34]} 7. Qe2+ {[%clk 01:14:21]}
{[%emt 00:02:42]} Be7 {[%clk 01:06:24]} {[%emt 00:04:10]} 8. Nxf6+ {[%clk
01:11:16]} {[%emt 00:03:34]} gxf6 {[%clk 01:04:29]} {[%emt 00:02:24]} 9. O-O
{[%clk 01:07:48]} {[%emt 00:03:59]} d5 {[%clk 01:03:16]} {[%emt 00:01:44]} 10.
Re1 {[%clk 01:06:51]} {[%emt 00:01:26]} Bg4 {[%clk 01:00:21]} {[%emt 00:03:25]}
11. h3 {[%clk 01:05:58]} {[%emt 00:01:23]} Bh5 {[%clk 01:00:40]} {[%emt
00:00:11]} 12. Bb5 {[%clk 01:00:26]} {[%emt 00:06:00]} Bxf3 {[%clk 01:00:31]}
{[%emt 00:00:40]} 13. Qxf3 {[%clk 00:57:51]} {[%emt 00:03:05]} Qd6 {[%clk
01:00:39]} {[%emt 00:00:22]} 14. Qe2 {[%clk 00:54:33]} {[%emt 00:03:47]} a6
{[%clk 00:58:55]} {[%emt 00:02:17]} 15. Bxc6+ {[%clk 00:53:26]} {[%emt
00:01:37]} bxc6 {[%clk 00:59:16]} {[%emt 00:00:09]} 16. Bf4 {[%clk 00:51:41]}
{[%emt 00:02:13]} Qe6 {[%clk 00:59:01]} {[%emt 00:00:46]} 17. Qxe6 {[%clk
00:48:57]} {[%emt 00:03:14]} fxe6 {[%clk 00:59:20]} {[%emt 00:00:12]} 18. Rxe6
{[%clk 00:48:58]} {[%emt 00:00:28]} Kd7 {[%clk 00:59:37]} {[%emt 00:00:13]} 19.
Rae1 {[%clk 00:46:25]} {[%emt 00:03:02]} Bb4 {[%clk 00:57:27]} {[%emt
00:02:36]} 20. R1e2 {[%clk 00:44:18]} {[%emt 00:02:40]} Rhf8 {[%clk 00:57:06]}
{[%emt 00:00:47]} 21. a3 {[%clk 00:42:35]} {[%emt 00:02:19]} Bc5 {[%clk
00:53:38]} {[%emt 00:03:58]} 22. b4 {[%clk 00:41:24]} {[%emt 00:01:41]} Bb6
{[%clk 00:53:10]} {[%emt 00:00:59]} 23. Re7+ {[%clk 00:39:25]} {[%emt
00:02:28]} Kd8 {[%clk 00:52:00]} {[%emt 00:01:40]} 24. Rxh7 {[%clk 00:37:07]}
{[%emt 00:02:46]} a5 {[%clk 00:51:26]} {[%emt 00:01:07]} 25. Ree7 {[%clk
00:33:42]} {[%emt 00:03:52]} Ra7 {[%clk 00:48:37]} {[%emt 00:03:23]} 26. Rhf7
{[%clk 00:30:40]} {[%emt 00:03:29]} Rxf7 {[%clk 00:47:36]} {[%emt 00:01:32]}
27. Rxf7 {[%clk 00:30:53]} {[%emt 00:00:17]} axb4 {[%clk 00:48:00]} {[%emt
00:00:07]} 28. axb4 {[%clk 00:28:59]} {[%emt 00:02:23]} Ra2 {[%clk 00:47:19]}
{[%emt 00:01:09]} 29. Rxf6 {[%clk 00:27:45]} {[%emt 00:01:46]} Rxc2 {[%clk
00:47:32]} {[%emt 00:00:17]} 30. Bg5 {[%clk 00:27:51]} {[%emt 00:00:24]} Kc8
{[%clk 00:46:49]} {[%emt 00:01:14]} 31. Rf3 {[%clk 00:26:35]} {[%emt 00:01:44]}
c5 {[%clk 00:42:52]} {[%emt 00:04:29]} 32. bxc5 {[%clk 00:26:17]} {[%emt
00:00:47]} Bxc5 {[%clk 00:43:06]} {[%emt 00:00:16]} 33. h4 {[%clk 00:26:06]}
{[%emt 00:00:40]} d3 {[%clk 00:32:58]} {[%emt 00:10:39]} 34. Rxd3 {[%clk
00:24:50]} {[%emt 00:01:45]} Rxf2 {[%clk 00:33:14]} {[%emt 00:00:15]} 35. Kh2
{[%clk 00:25:02]} {[%emt 00:00:17]} d4 {[%clk 00:29:54]} {[%emt 00:03:52]} 36.
h5 {[%clk 00:24:32]} {[%emt 00:01:00]} Rf5 {[%clk 00:30:09]} {[%emt 00:00:12]}
37. h6 {[%clk 00:21:10]} {[%emt 00:03:55]} Rxg5 {[%clk 00:30:00]} {[%emt
00:00:38]} 38. Rh3 {[%clk 00:21:07]} {[%emt 00:00:31]} Bd6+ {[%clk 00:29:35]}
{[%emt 00:00:57]} 39. g3 {[%clk 00:19:48]} {[%emt 00:01:49]} d3 {[%clk
00:26:56]} {[%emt 00:03:10]} 40. h7 {[%clk 00:19:17]} {[%emt 00:01:00]} Be5
{[%emt 00:03:52]} 41. h8=Q+ {[%clk 00:17:20]} {[%emt 00:00:04]} Bxh8 {[%clk
00:26:11]} {[%emt 00:00:17]} 42. Rxh8+ {[%clk 00:17:30]} {[%emt 00:00:19]} Kd7
{[%clk 00:26:35]} {[%emt 00:00:06]} 43. Ra8 {[%clk 00:17:17]} {[%emt 00:00:44]}
Rd5 {[%clk 00:23:17]} {[%emt 00:03:48]} 44. Ra1 {[%clk 00:15:27]} {[%emt
00:02:20]} c5 {[%clk 00:22:53]} {[%emt 00:00:54]} 45. Kg2 {[%clk 00:14:48]}
{[%emt 00:01:09]} c4 {[%clk 00:22:28]} {[%emt 00:00:55]} 46. Kf2 {[%clk
00:14:09]} {[%emt 00:01:08]} d2 {[%clk 00:22:03]} {[%emt 00:00:56]} 47. Ke2
{[%clk 00:11:37]} {[%emt 00:03:01]} c3 {[%clk 00:21:40]} {[%emt 00:00:54]} 48.
Kd1 {[%clk 00:11:37]} {[%emt 00:00:28]} Re5 {[%clk 00:21:10]} {[%emt 00:01:03]}
49. Kc2 {[%clk 00:10:17]} {[%emt 00:01:48]} Re1 {[%clk 00:21:04]} {[%emt
00:00:36]} 50. Rd1 {[%clk 00:10:18]} {[%emt 00:00:27]} Rxd1 {[%clk 00:20:33]}
{[%emt 00:01:03]} 51. Kxd1 {[%clk 00:10:35]} {[%emt 00:00:13]} Ke6 {[%emt
00:00:17]} 52. Kc2 {[%clk 00:10:51]} {[%emt 00:00:12]} Kf5 {[%clk 00:21:11]}
{[%emt 00:00:08]} 53. Kd1 {[%clk 00:10:54]} {[%emt 00:00:27]} Kg4 {[%clk
00:21:37]} {[%emt 00:00:05]} 54. Ke2 {[%clk 00:09:39]} {[%emt 00:01:42]} Kxg3
{[%clk 00:22:03]} {[%emt 00:00:05]} 55. Kd1 {[%clk 00:09:19]} {[%emt 00:00:50]}
Kf2 {[%clk 00:22:20]} {[%emt 00:00:13]} 56. Kc2 {[%clk 00:09:22]} {[%emt
00:00:27]} Ke2 {[%clk 00:22:43]} {[%emt 00:00:08]} 57. Kxc3 {[%clk 00:09:18]}
{[%emt 00:00:33]} d1=Q {[%clk 00:22:55]} {[%emt 00:00:18]} 0-1

[Event "DEM U10w 2021"]
[Site "Willingen GER"]
[Date "2021.08.27"]
[Round "8"]
[White "Mehner, Clara"]
[Black "Frydel, Helena"]
[Result "1-0"]
[Termination "normal"]
[Board "8"]
[WhiteElo "1159"]
[BlackElo "966"]
[WhiteClock "00:18:52"]
[BlackClock "00:14:21"]
[PlyCount "61"]
[WhiteFideId "34612165"]
[BlackFideId "16266536"]
[EventCountry "GER"]
[EventRounds "11"]
[EventType "swiss"]
[EventDate "2021.08.22"]

1. e4 {[%clk 01:15:58]} e5 {[%clk 01:15:54]} {[%emt 00:00:07]} 2. Nf3 {[%clk
01:16:20]} {[%emt 00:00:07]} Nf6 {[%clk 01:16:18]} {[%emt 00:00:07]} 3. d4
{[%clk 01:16:37]} {[%emt 00:00:13]} exd4 {[%clk 01:16:18]} {[%emt 00:00:31]} 4.
e5 {[%clk 01:16:41]} {[%emt 00:00:24]} Qe7 {[%clk 01:14:24]} {[%emt 00:02:25]}
5. Be2 {[%clk 01:12:50]} {[%emt 00:04:19]} Ng4 {[%clk 01:07:05]} {[%emt
00:07:51]} 6. Qxd4 {[%clk 01:10:11]} {[%emt 00:03:09]} d6 {[%clk 01:05:38]}
{[%emt 00:01:58]} 7. exd6 {[%clk 01:06:00]} {[%emt 00:04:40]} Qxd6 {[%clk
01:05:17]} {[%emt 00:00:51]} 8. Nc3 {[%clk 01:01:54]} {[%emt 00:04:35]} Nc6
{[%clk 01:04:23]} {[%emt 00:01:25]} 9. Qe4+ {[%clk 00:54:40]} {[%emt 00:07:43]}
Be7 {[%clk 00:55:56]} {[%emt 00:08:58]} 10. Nb5 {[%clk 00:49:29]} {[%emt
00:05:40]} Qd7 {[%clk 00:48:25]} {[%emt 00:08:02]} 11. Bf4 {[%clk 00:45:27]}
{[%emt 00:04:30]} Nf6 {[%clk 00:41:28]} {[%emt 00:07:13]} 12. Qe3 {[%clk
00:41:48]} {[%emt 00:04:21]} Nd5 {[%clk 00:36:05]} {[%emt 00:05:58]} 13. Qe4
{[%clk 00:37:43]} {[%emt 00:04:34]} O-O {[%clk 00:27:40]} {[%emt 00:08:55]} 14.
Bd3 {[%clk 00:31:22]} {[%emt 00:06:50]} g6 {[%clk 00:22:43]} {[%emt 00:05:28]}
15. Bh6 {[%clk 00:28:04]} {[%emt 00:03:48]} Re8 {[%clk 00:22:05]} {[%emt
00:01:00]} 16. O-O-O {[%clk 00:27:12]} {[%emt 00:01:30]} Bg5+ {[%clk 00:21:42]}
{[%emt 00:00:53]} 17. Nxg5 {[%clk 00:25:24]} {[%emt 00:02:17]} Rxe4 {[%clk
00:21:42]} {[%emt 00:00:30]} 18. Nxe4 {[%clk 00:24:11]} {[%emt 00:01:44]} a6
{[%clk 00:19:02]} {[%emt 00:03:11]} 19. Nbc3 {[%clk 00:23:14]} {[%emt
00:01:24]} Nxc3 {[%clk 00:18:13]} {[%emt 00:01:20]} 20. Nf6+ {[%clk 00:22:08]}
{[%emt 00:01:37]} Kh8 {[%clk 00:17:55]} {[%emt 00:00:48]} 21. Nxd7 {[%clk
00:22:18]} {[%emt 00:00:20]} Nxd1 {[%clk 00:18:05]} {[%emt 00:00:19]} 22. Rxd1
{[%clk 00:21:43]} {[%emt 00:01:06]} Bxd7 {[%clk 00:18:22]} {[%emt 00:00:13]}
23. Bxg6 {[%clk 00:19:14]} {[%emt 00:02:59]} Bg4 {[%clk 00:16:39]} {[%emt
00:02:13]} 24. f3 {[%clk 00:18:53]} {[%emt 00:00:52]} Bxf3 {[%clk 00:16:57]}
{[%emt 00:00:12]} 25. gxf3 {[%clk 00:19:00]} {[%emt 00:00:22]} fxg6 {[%clk
00:16:51]} {[%emt 00:00:36]} 26. Rd7 {[%clk 00:18:46]} {[%emt 00:00:43]} Ne5
{[%clk 00:15:12]} {[%emt 00:02:06]} 27. Bg7+ {[%clk 00:18:52]} {[%emt
00:00:28]} Kg8 {[%clk 00:15:18]} {[%emt 00:00:24]} 28. Bxe5 {[%clk 00:19:09]}
{[%emt 00:00:13]} Rf8 {[%clk 00:13:44]} {[%emt 00:01:44]} 29. Rg7+ {[%clk
00:19:17]} {[%emt 00:00:41]} Kh8 {[%clk 00:14:00]} {[%emt 00:00:15]} 30. Rxg6+
{[%clk 00:19:06]} {[%emt 00:00:41]} Rf6 {[%clk 00:14:21]} {[%emt 00:00:09]} 31.
Bxf6# {[%clk 00:18:52]} {[%emt 00:00:13]} 1-0